000 00205nam a2200085Ia 4500
008 120527s9999 xx 000 0 und d
100 _aSwokowski, W.
245 _aCalculus with Analytic Geometry
942 _cBK
999 _c27781
_d27781